000 00552nam a2200181Ia 4500
001 7879
005 20260306160528.0
008 260306t1957||||xx |||||||||||||| ||spa||
041 _aESP
082 _a363.5098
_bU61
110 _aUnión Panamericana. Departamento de Asuntos Económicos y Sociales. División de Vivienda y Planeamiento
245 0 _aLa vivienda de interés social en América Latina :
_bistmo centroamericano
260 _c1957
300 _a122 páginas :
_c28 cm.
650 _aGEN
654 _aCAN
942 _cLIB
_dJUS
_fJUS
_2ddc
_n
999 _c7879
_d7879